000 00833nam a2200253Ia 4500
003 OSt
005 20220930073521.0
006 a|||||r|||| 00| 0
007 ta
008 220926b |||||||| |||| 00| 0 eng d
024 _a34507
037 _cTheses
040 _aCRL
_cCRL
_beng
041 _2eng
_aeng
100 _aPraveen Kumar. R
_9531694
110 _aUniversity of Delhi. Faculty of Medical Sciences. Department of Medicine
245 0 _aTo study epidemiological, clinical and investigative profile of patients with diabetic foot
260 _c1999
650 _aMEDICINE
700 _a Dr Dinesh Dhanwal Supervisor
_9531695
700 _aUniversity of Delhi. Faculty of Medical Sciences. Department of Medicine
942 _cDIS
_2CC
999 _c865118
_d865118